[Event "Goiania Goias Cup"]
[Site "Goiania"]
[Date "2015.09.27"]
[Round "6"]
[White "Oliveira, Wanderson Francisco"]
[Black "De Paula, Guilherme Bueno"]
[Result "0-1"]
[WhiteElo "1718"]
[BlackElo "1887"]
[PlyCount "142"]
[EventDate "2015.09.25"]
[EventType "swiss"]
[EventRounds "6"]
[EventCountry "BRA"]
[SourceTitle "EXT 2016"]
[Source "ChessBase"]
[SourceDate "2015.10.08"]
[SourceVersion "1"]
[SourceVersionDate "2015.10.08"]
[SourceQuality "1"]

1. d4 f5 2. f4 g6 3. e3 Bg7 4. Nf3 d6 5. c3 Nh6 6. Be2 Nf7 7. 0-0 0-0 8. Bc4 e6 9. Qb3 Qe7 10. d5 e5 11. g3 Nd7 12. Qd1 g5 13. Nxg5 Nxg5 14. fxg5 Qxg5 15. e4 Qg6 16. exf5 Rxf5 17. Rxf5 Qxf5 18. Qf1 Nb6 19. Bb3 Qxf1+ 20. Kxf1 Bh3+ 21. Kg1 Rf8 22. Nd2 e4 23. Bd1 e3 24. Nf3 Bh6 25. Be2 Nxd5 26. a3 b5 27. c4 bxc4 28. Bxc4 c6 29. Nd4 Bd7 30. Nc2 Rf3 31. a4 Kf8 32. Ne1 Rf2 33. Nd3 Rf5 34. g4 Rg5 35. h3 Nb6 36. Ba6 Ra5 37. Bb7 Rxa4 38. Rxa4 Nxa4 39. Nb4 Ke8 40. Nc2 Nc5 41. Ba8 Nd3 42. Bxe3 Bxe3+ 43. Nxe3 Nxb2 44. h4 d5 45. Nc2 Nc4 46. g5 Ne5 47. Kf2 a5 48. h5 a4 49. Ke3 Ke7 50. Bb7 Kd6 51. Kf4 Be8 52. Nd4 a3 53. Ba6 a2 54. Nb3 Bxh5 55. Na1 Bg6 56. Ke3 c5 57. Be2 Nf7 58. Kd2 Nxg5 59. Kc1 Ne6 60. Kb2 Nd4 61. Bd1 Bb1 62. Kc3 Ke5 63. Bg4 Kf4 64. Bd1 Kg5 65. Kb2 h5 66. Nb3 Nxb3 67. Bxb3 c4 68. Bd1 c3+ 69. Ka1 c2 70. Bxc2 Bxc2 71. Kxa2 d4 0-1

[Event "Goiania Goias Cup"]
[Site "Goiania"]
[Date "2015.09.25"]
[Round "2"]
[White "Oliveira, Wanderson Francisco"]
[Black "Froes, Leonardo Sanches"]
[Result "0-1"]
[WhiteElo "1718"]
[BlackElo "1989"]
[PlyCount "46"]
[EventDate "2015.09.25"]
[EventType "swiss"]
[EventRounds "6"]
[EventCountry "BRA"]
[SourceTitle "EXT 2016"]
[Source "ChessBase"]
[SourceDate "2015.10.08"]
[SourceVersion "1"]
[SourceVersionDate "2015.10.08"]
[SourceQuality "1"]

1. d4 Nf6 2. f4 g6 3. e3 Bg7 4. Nf3 0-0 5. Bd3 d6 6. 0-0 Nbd7 7. Bc4 c6 8. c3 b5 9. Bd3 Qc7 10. c4 bxc4 11. Bxc4 e5 12. fxe5 dxe5 13. Nc3 Rb8 14. Ng5 Rb4 15. Bb3 Ba6 16. Rf2 h6 17. Nge4 Nxe4 18. Nxe4 exd4 19. Qf3 Kh8 20. Bxf7 Ne5 21. Qg3 Rxf7 22. Rxf7 Qxf7 23. exd4 Qf1# 0-1